<?xml version="1.0" encoding="UTF-8"?>
<record
    xmlns:xsi="http://www.w3.org/2001/XMLSchema-instance"
    xsi:schemaLocation="http://www.loc.gov/MARC21/slim http://www.loc.gov/standards/marcxml/schema/MARC21slim.xsd"
    xmlns="http://www.loc.gov/MARC21/slim">

  <leader>00470nam a22001697a 4500</leader>
  <controlfield tag="005">20240415080013.0</controlfield>
  <controlfield tag="008">240415b        |||||||| |||| 00| 0 eng d</controlfield>
  <datafield tag="022" ind1=" " ind2=" ">
    <subfield code="a">02582503</subfield>
  </datafield>
  <datafield tag="041" ind1=" " ind2=" ">
    <subfield code="a">English </subfield>
  </datafield>
  <datafield tag="082" ind1=" " ind2=" ">
    <subfield code="a">349 SOU</subfield>
  </datafield>
  <datafield tag="100" ind1=" " ind2=" ">
    <subfield code="l">English </subfield>
  </datafield>
  <datafield tag="245" ind1=" " ind2=" ">
    <subfield code="a">The South African Law Journal </subfield>
  </datafield>
  <datafield tag="260" ind1=" " ind2=" ">
    <subfield code="a">Cape Town : </subfield>
    <subfield code="b">Juta and Company Ltd, </subfield>
    <subfield code="c">1884</subfield>
  </datafield>
  <datafield tag="300" ind1=" " ind2=" ">
    <subfield code="b">187 pages ; </subfield>
    <subfield code="c">25 cm. </subfield>
  </datafield>
  <datafield tag="650" ind1=" " ind2=" ">
    <subfield code="a">Legal practice </subfield>
    <subfield code="b">Law </subfield>
  </datafield>
  <datafield tag="942" ind1=" " ind2=" ">
    <subfield code="c">BK</subfield>
    <subfield code="6">ALISON_BN_VRIES</subfield>
  </datafield>
  <datafield tag="999" ind1=" " ind2=" ">
    <subfield code="c">1521</subfield>
    <subfield code="d">1521</subfield>
  </datafield>
  <datafield tag="952" ind1=" " ind2=" ">
    <subfield code="0">0</subfield>
    <subfield code="1">0</subfield>
    <subfield code="2">ddc</subfield>
    <subfield code="4">0</subfield>
    <subfield code="6">349_000000000000000_SOU</subfield>
    <subfield code="7">0</subfield>
    <subfield code="8">SER</subfield>
    <subfield code="9">3266</subfield>
    <subfield code="a">LSN</subfield>
    <subfield code="b">LSN</subfield>
    <subfield code="c">LSA</subfield>
    <subfield code="d">2024-04-15</subfield>
    <subfield code="l">0</subfield>
    <subfield code="o">349 SOU </subfield>
    <subfield code="p">LSN/2023/1430</subfield>
    <subfield code="r">2024-04-15 00:00:00</subfield>
    <subfield code="w">2024-04-15</subfield>
    <subfield code="y">BK</subfield>
  </datafield>
  <datafield tag="952" ind1=" " ind2=" ">
    <subfield code="0">0</subfield>
    <subfield code="1">0</subfield>
    <subfield code="2">ddc</subfield>
    <subfield code="4">0</subfield>
    <subfield code="6">349_000000000000000_SOU</subfield>
    <subfield code="7">0</subfield>
    <subfield code="8">SER</subfield>
    <subfield code="9">3267</subfield>
    <subfield code="a">LSN</subfield>
    <subfield code="b">LSN</subfield>
    <subfield code="c">LSA</subfield>
    <subfield code="d">2024-04-15</subfield>
    <subfield code="l">0</subfield>
    <subfield code="o">349 SOU </subfield>
    <subfield code="p">LSN/2023/1431</subfield>
    <subfield code="r">2024-04-15 00:00:00</subfield>
    <subfield code="w">2024-04-15</subfield>
    <subfield code="y">BK</subfield>
  </datafield>
  <datafield tag="952" ind1=" " ind2=" ">
    <subfield code="0">0</subfield>
    <subfield code="1">0</subfield>
    <subfield code="2">ddc</subfield>
    <subfield code="4">0</subfield>
    <subfield code="6">349_000000000000000_SOU</subfield>
    <subfield code="7">0</subfield>
    <subfield code="8">SER</subfield>
    <subfield code="9">3268</subfield>
    <subfield code="a">LSN</subfield>
    <subfield code="b">LSN</subfield>
    <subfield code="c">LSA</subfield>
    <subfield code="d">2024-04-15</subfield>
    <subfield code="l">0</subfield>
    <subfield code="o">349 SOU </subfield>
    <subfield code="p">LSN/2023/1432</subfield>
    <subfield code="r">2024-04-15 00:00:00</subfield>
    <subfield code="w">2024-04-15</subfield>
    <subfield code="y">BK</subfield>
  </datafield>
  <datafield tag="952" ind1=" " ind2=" ">
    <subfield code="0">0</subfield>
    <subfield code="1">0</subfield>
    <subfield code="2">ddc</subfield>
    <subfield code="4">0</subfield>
    <subfield code="6">349_000000000000000_SOU</subfield>
    <subfield code="7">0</subfield>
    <subfield code="8">SER</subfield>
    <subfield code="9">3269</subfield>
    <subfield code="a">LSN</subfield>
    <subfield code="b">LSN</subfield>
    <subfield code="c">LSA</subfield>
    <subfield code="d">2024-04-15</subfield>
    <subfield code="l">0</subfield>
    <subfield code="o">349 SOU </subfield>
    <subfield code="p">LSN/2023/1433</subfield>
    <subfield code="r">2024-04-15 00:00:00</subfield>
    <subfield code="w">2024-04-15</subfield>
    <subfield code="y">BK</subfield>
  </datafield>
  <datafield tag="952" ind1=" " ind2=" ">
    <subfield code="0">0</subfield>
    <subfield code="1">0</subfield>
    <subfield code="2">ddc</subfield>
    <subfield code="4">0</subfield>
    <subfield code="6">349_000000000000000_SOU</subfield>
    <subfield code="7">0</subfield>
    <subfield code="8">SER</subfield>
    <subfield code="9">6042</subfield>
    <subfield code="a">LSN</subfield>
    <subfield code="b">LSN</subfield>
    <subfield code="c">LSA</subfield>
    <subfield code="d">2024-10-30</subfield>
    <subfield code="l">0</subfield>
    <subfield code="o">349 SOU</subfield>
    <subfield code="p">LSN/2023/1438</subfield>
    <subfield code="r">2024-10-30 00:00:00</subfield>
    <subfield code="w">2024-10-30</subfield>
    <subfield code="y">BK</subfield>
  </datafield>
  <datafield tag="952" ind1=" " ind2=" ">
    <subfield code="0">0</subfield>
    <subfield code="1">0</subfield>
    <subfield code="2">ddc</subfield>
    <subfield code="4">0</subfield>
    <subfield code="6">349_000000000000000_SOU</subfield>
    <subfield code="7">0</subfield>
    <subfield code="8">SER</subfield>
    <subfield code="9">6043</subfield>
    <subfield code="a">LSN</subfield>
    <subfield code="b">LSN</subfield>
    <subfield code="c">LSA</subfield>
    <subfield code="d">2024-10-30</subfield>
    <subfield code="l">0</subfield>
    <subfield code="o">349 SOU</subfield>
    <subfield code="p">LSN/2023/1422</subfield>
    <subfield code="r">2025-04-07 00:00:00</subfield>
    <subfield code="w">2024-10-30</subfield>
    <subfield code="y">BK</subfield>
  </datafield>
</record>
